Diseño hidráulico del sistema de abastecimiento de agua potable para la comunidad Santa Bárbara, municipio de Jalapa, departamento Nueva Segovia

En el presente estudio sobre el diseño de un sistema de abastecimiento de agua potable se desarrollará en la comunidad de Santa Bárbara, en el municipio de Jalapa, departamento de Nueva Segovia, con el objetivo de brindar a la población un sistema apto para este recurso, que cuente con las medid...

Full description

Bibliographic Details
Main Authors: Gurdián López, Yamalí Guadalupe, FalcónAcuña, Kevin Josué
Other Authors: Tutor: Baltodano Maldonado, José Ángel
Format: Tesis Section = Libro
Language:Undetermined
Spanish
Published: Managua UNI/RUACS 2020
Subjects:
LEADER 01421nam a2200301Ia 4500
008 240830s9999 xx 000 0 und d
040 |a BIBLIOTECA-RUPAP Mon 628.72 G978 
041 |a spa 
082 |a Mon 628.72 G978 
100 1 |a Gurdián López, Yamalí Guadalupe 
100 1 |b FalcónAcuña, Kevin Josué 
245 1 0 |a Diseño hidráulico del sistema de abastecimiento de agua potable para la comunidad Santa Bárbara, municipio de Jalapa, departamento Nueva Segovia 
260 |a Managua  |b UNI/RUACS  |c 2020 
300 |a 124 p. :il. 
500 |a Contiene: anexos y CD. 
502 |a Tesis (Ingeniero Civil)- UNI, 2020. 
520 3 |a En el presente estudio sobre el diseño de un sistema de abastecimiento de agua potable se desarrollará en la comunidad de Santa Bárbara, en el municipio de Jalapa, departamento de Nueva Segovia, con el objetivo de brindar a la población un sistema apto para este recurso, que cuente con las medidas y estudios necesarios para su adecuado funcionamiento. La población de la comunidad es de 1263 habitantes aproximadamente. 
650 7 |a AGUA POTABLE 
650 7 |b AGUA-ABASTECIMIENTO 
650 7 |c DOTACION DE AGUA 
650 7 |d CONSUMO DE AGUA 
650 7 |e DISEÑO HIDRAULICO 
650 7 |f ESTUDIO HIDROLOGICO 
650 7 |g ESTUDIO MDE SUELOS 
700 1 |a Tutor:  |b Baltodano Maldonado, José Ángel 
942 |c BK  |2 ddc 
991 |a TESIS 
999 |c 16502